| 000 | 00793nam a22002297a 4500 | ||
|---|---|---|---|
| 999 |
_c2207 _d2207 |
||
| 003 | AR-CdUCM | ||
| 008 | 190304b ||||| |||| 00| 0 spa d | ||
| 040 |
_aMUNICIPALIDAD PROVINCIAL DEL CUSCO _cBIBLIOTECA MUNICIPAL DEL CUSCO |
||
| 082 |
_a498.54 / _bF81 |
||
| 100 |
_aFranco Inojosa, Mario _97960 |
||
| 110 |
_aCorporación de fomento y promoción social y económica de puno. _97961 |
||
| 245 | _aBreve Vocabulario Castellano Aymara / | ||
| 260 |
_aPuno ; _bPublicaado por el departamento de integracion cultural de la CORPUNO, _c1965 |
||
| 300 |
_a72 paginas ; _c23 cm. |
||
| 505 | _aBreve vocabulario Castellano Aymara / | ||
| 650 |
_aIdioma _93027 |
||
| 650 |
_aVocabulario _97962 |
||
| 650 |
_aCastellano _97963 |
||
| 650 |
_aAymara _97964 |
||
| 942 |
_2ddc _cLIBROS |
||
| 945 | _arjall | ||